Countries Danny Trejo has Visited - Statistics

General Stats
  • This quiz has been taken 15 times
  • The average score is 11 of 12
Answer Stats
Continent Country % Correct
South America Brazil
100%
Europe Germany
100%
Asia/ Europe Russia
100%
Europe United Kingdom
100%
North America Canada
93%
North America United States of America
93%
Europe Belgium
87%
Europe Italy
87%
South America Venezuela
87%
Europe Netherlands
80%
Asia Philippines
67%
Europe Romania
67%
No matching quizzes found
Score Distribution
Percent of People with Each Score
Percentile by Number Answered
Your Score History
You have not taken this quiz